| 000 | 01154nam a2200301 a 4500 | ||
|---|---|---|---|
| 003 | MX-MxUPN | ||
| 005 | 20250114150015.0 | ||
| 008 | 991125s1914 mx 001 0 spa d | ||
| 035 | _aUPN01000009944 | ||
| 040 |
_aMX-MxUPN _bspa _cMX-MxUPN |
||
| 041 | _aspa | ||
| 050 | 0 | 4 |
_aPC4721 _bP54 1914 |
| 100 | 1 |
_aPimentel, D. Manuel _952265 |
|
| 245 | 1 | 0 |
_aCompendio de la gramática de la lengua castellana : _bpropuesto por la Academia Española y arreglado al programa de las escuelas de enseñanza elemental y superior de la República Mexicana |
| 250 |
_a2a. Edición _brevisada y aumentada con ejercicios prácticos |
||
| 260 |
_aMéxico : _bLibrería de la Viuda de Ch. Bouret, _c1914. |
||
| 300 | _a293 páginas | ||
| 490 | 0 | _aAnalogía, sintaxis, prosodia y ortografía | |
| 500 | _a"Obra declarada de texto" | ||
| 504 | _aIncluye índice. | ||
| 650 | 4 |
_aEspañol _917036 _vLibros de texto |
|
| 650 | 4 |
_aEspañol _xGramática _xEstudio y enseñanza _99372 |
|
| 710 | 2 |
_951335 _aMuseo Pedagógico Nacional (México) _epropietario anterior |
|
| 902 | _bMaríaRobles/060624 | ||
| 904 |
_aAC _b009945 |
||
| 905 | _aLibro | ||
| 942 |
_2lcc _cLIBRO _n0 |
||
| 999 |
_c9944 _d9944 |
||